000 00361nam a2200133Ia 4500
008 240624s9999 xx 000 0 und d
041 _aeng
082 _a519.52 MUK
100 _aMUKHOPADHYAY PARIMAL
245 _aTHEORY AND METHODS OF SURVEY SAMPLING
260 _c2005
_aNew Delhi
_bPrentice-Hall of India
300 _axi, : 483 : p. : cm. ; 26
365 _cRS
999 _c3468
_d3468